00629nam a22001697a 450000500170000001000130001702000260003003500110005603700130006708200110008010000390009124501290013024600760025926000450033527000560038030000230043620210531105309.0 aUR-11127 c150.00a9788194824428 aU-9682 bDBAD/PUB a840.54 aعبد العز يز عر فا ن  aمو لا نا ا بو الکلا م آ ز ا د ا يک تا ر يخی مطا لعہ cعبد العز يز عر فا ن  aMoulana Abulkalam Azad Ek Tareekhi Mutalla (Urdu)bby Abdul Aziz Irfan  aAurangabadc2021 ءbHazrat Burhanuddin  aHazrat Burhanuddin Ghareeb AcadmybKhuld Abade-l- a160 ص c22 Cm(Hb)